Tři divadelní hry /

Main Author: Strejček, Ferdinand, 1878-1963
Language: Czech
Published: Praha : F. Strejček, [1919]
Physical Description: 109 s. ; 18 cm
Book
Saved in:
LEADER 00878nam a22002772a 4500
001 001093291
003 CZ BrMZK
005 20100715144326.0
007 ta
008 100413s1919 xr er|||||||||||cze d
015 |a cnb000303895  |z cnb000634058 
035 |a (OCoLC)84946272 
040 |a ABA001  |b cze  |d BOA001 
072 7 |a 821.162.3-2  |x České drama  |2 Konspekt  |9 25 
080 9 |a 885.0-2 
100 1 |a Strejček, Ferdinand,  |d 1878-1963  |7 jk01121431  |4 aut 
245 1 0 |a Tři divadelní hry /  |c Ferdinand Strejček 
260 |a Praha :  |b F. Strejček,  |c [1919] 
300 |a 109 s. ;  |c 18 cm 
505 0 0 |t Staří studenti --  |t Dědečkův hřích --  |t Povstalci 
655 7 |a dramata  |7 fd132072  |2 czenas 
910 |a BOA001  |b 1-0302.660 
990 |a BK 
993 |a Y 
991 |b 201004 
996 6 |b 2619385864  |c 1-0302.660  |l MZK  |r Sklad / do 1 hodiny  |n 0  |w 001118728  |u 000010  |a 1  |e BOA001  |j MZK50  |s P